Sports Quiz

Random Sports or Baseball Quiz

All Time Bobby Cox Team Quiz Stats

 Plays Quiz not verified by Sporcle

Challenge
Share
Tweet
Score 0/11 Timer 05:00
0 Plays Today
Position Player % Correct
Starting PitcherGreg Maddux (Braves 1993-2003)
98.5%
3rd BaseChipper Jones (Braves 1993-2010)
98%
Center FieldAndruw Jones (Braves 1996-2007)
97.5%
CatcherJavy Lopez (Braves 1992-2003)
90.7%
1st BaseFred McGriff (Braves 1993-97)
78.4%
Right FieldDavid Justice (Braves 1990-96)
74.5%
ShortstopRafael Furcal (Braves 2000-05)
64.7%
2nd BaseMarcus Giles (Braves 2001-06)
45.6%
Left FieldRyan Klesko (Braves 1992-99)
45.6%
DHCliff Johnson (Blue Jays 1983-85)
15.2%
Reliever/SwingmanMike Remlinger (Braves 1999-2002, 06)
13.2%

You're not logged in!

Compare scores with friends on all Sporcle quizzes.
Join for Free
OR
Log In

You Might Also Like...

Show Comments

Extras

Top Quizzes Today


Score Distribution

Your Account Isn't Verified!

In order to create a playlist on Sporcle, you need to verify the email address you used during registration. Go to your Sporcle Settings to finish the process.

Report this User

Report this user for behavior that violates our Community Guidelines.

Details: